000
00355nam a2200157Ia 4500
008
230524s9999 xx 000 0 und d
082
_a
413
_b
SPE
100
_a
W.R.Spencer
245
2
_a
A Dictionary Of Computer
250
_a
15TH
260
_a
NEW DELHI
_b
CBS
_c
2003
300
_a
393
500
_a
Quantity Number: 2
650
_a
Comp-Sc
942
_c
BK
999
_c
428
_d
428